| 000 | 00926nam a2200193 a 4500 | ||
|---|---|---|---|
| 001 | 000043941 | ||
| 005 | 20201002045045.0 | ||
| 008 | 140509s1974 sp 000 0 spa d | ||
| 020 | _a842641107X | ||
| 040 |
_aDO-SdBNP _bspa _cBNPHU |
||
| 100 | 1 |
_aWeiss, Peter _d1916- _971875 |
|
| 245 | 1 | 0 |
_aDiscurso sobrelos antecedentes y desarrollo de la interminable guerra de liberación del Vietnam como ejemplo de la necesidad de la lucha armada de los oprimidos contra sus opresores así como de los intentos de los Estados Unidos de América para destruir las bases de la revolución / _cPeter Weiss; traducción Mireia Bofill. |
| 260 |
_aBarcelona, : _bLumen, _c1974. |
||
| 300 |
_a252 p. ; _c19 cm. |
||
| 490 | 1 |
_aPalabra en el tiempo _aTeatro _v107 |
|
| 500 | _aIncluye datos biografícos del autor en la solapa de la contraportada. | ||
| 700 | 1 | 2 |
_aBofill, Mireia _etrad. _933542 |
| 830 | 0 |
_aPalabra en el tiempo _gTeatro _n107 _971876 |
|
| 999 |
_c43430 _d43430 |
||